000 00966nam a2200253 i 4500
001 14453
003 ES-MaACL
005 20260203063026.0
007 t|
008 990316s1998 sp a |||| | spa d
020 _a84-86711-05-3
080 _a75.031.1(460.281)
080 _a903(460.281)
100 1 _aCabré Aguiló, Juan,
_d1882-1947
_933266
245 1 0 _aInvestigaciones en las cuevas de los Casares y de la Hoz
_b: (1934-1941) /
_cJuan Cabré Aguiló ; (con la colaboración de María Encarnación Cabré Herreros).
260 _aSigüenza :
_bLibrería Rayuela,
_c1998.
300 _a154 p. :
_bil. ;
_c30 cm.
650 4 _aPintura rupestre-
_zGuadalajara (Provincia)
_916085
650 4 _aArte prehistórico-
_zEspaña.
_9151265
651 4 _aCueva de los Casares (Guadalajara)-
_xRestos arqueológicos prehistóricos.
_98126
700 1 _aCabré, María de la Encarnación.
_933261
852 _aES-MaACL
_jL-21704
999 _c14453
_d14453